Normal view
MARC view
- Egyptian language
Entry Topical Term
001 - CONTROL NUMBER
- control field: 130853
003 - CONTROL NUMBER IDENTIFIER
- control field: NUST
005 - DATE AND TIME OF LATEST TRANSACTION
- control field: 20251003115857.0
008 - FIXED-LENGTH DATA ELEMENTS
- fixed length control field: 251003|| aca||aabn | a|a d
040 ## - CATALOGING SOURCE
- Original cataloging agency: NUST
- Transcribing agency: NUST
150 ## - HEADING--TOPICAL TERM
- Topical term or geographic name entry element: Egyptian language
- Form subdivision: Textbooks for foreign speakers
- General subdivision: English
670 ## - SOURCE DATA FOUND
- Source citation: Work cat.: (NUST)0: Manley, Bill, author. 130851, Egyptian hieroglyphs for complete beginners :
